Quizzes
Events
Quiz Creation
Community
Videos
Private Events
Remove Ads
Sign In
Join for FREE
Feedback
Dark Mode
Quiz Categories
Sports
Geography
Music
Movies
Television
Just For Fun
Miscellaneous
History
Literature
Language
Science
Gaming
Entertainment
Religion
Holiday
For Kids
Quiz Lab
Recent
Popular Today
Quiz Kudos Today
Editor Picks
Curator Picks
Quizzes by...
Day
Popularity
Type
Ratings
Length
Year
Community
Subscriptions
Recent Discussions
Orange Saloon
Badges
Playlists
Quests
Create
Leaderboards
Showdown
Live 5
Trivia Bingo
Activity
Puzzle Library
Sporcle Events
Private Events
Virtual Trivia
Globe League
Become a Host
Pub Owners
SporcleCon
Opinionation
Our Games
Videos
Blog
Mobile Apps
Partnerships
Remove Ads and Go Orange
Feedback
Television
TV Characters
TV Show
Sitcom
Network
Friends
Reality Shows
Cast
South Park
Star Trek
The Simpsons
Doctor Who
Television
TV Characters
TV Show
Sitcom
Network
Friends
Reality Shows
Cast
South Park
Star Trek
The Simpsons
Doctor Who
Random Quiz
Search Sporcle
×
Quiz Lab
Quiz Lab
Television
Song
Type in answers that appear in a list
Type in answers that appear in a list
Classic
Best Score? Go Orange.
Phineas and Ferb Song (no hints) 10 Stats
Can you name the Phineas and Ferb Song lyrics?
By
fuzzykinz
7m
132 Questions
332 Plays
332 Plays
332 Plays
Comments
Comments
Give Quiz Kudos
Give Quiz Kudos
-
- Ratings
hide this ad
Replay
Link that replays current quiz
Next Quiz
Link to next quiz in quiz playlist
You Got
0%
They Got
Avg Score
33%
Avg Friend Score
Upgrade to see
Score Distribution
Jump to the score distribution portion of the page
Score
0/132
Timer
07:00
0
Plays Today
lyric
% Correct
the
93.9%
a
93.9%
the
93.9%
the
93.9%
the
93.9%
the
93.9%
and
93.9%
and
93.9%
I
90.5%
I
90.5%
I
90.5%
I
90.5%
You
68.6%
you
68.6%
to
52.7%
to
52.7%
to
52.7%
to
52.7%
your
48.8%
your
48.8%
your
48.8%
your
48.8%
your
48.8%
in
47.9%
is
47.3%
on
43.9%
You're
43.3%
You're
43.3%
when
43.3%
You're
43.3%
You're
43.3%
you're
43.3%
you're
43.3%
You're
43.3%
You're
43.3%
You're
43.3%
see
41.5%
I'm
40.9%
I'm
40.9%
are
37.5%
that
35.7%
So
35.4%
so
35.4%
one
35.1%
lyric
% Correct
one
35.1%
Mom
34.1%
This
33.5%
this
33.5%
This
33.5%
of
32.3%
get
31.7%
get
31.7%
Get
31.7%
If
30.8%
goin'
30.5%
goin'
30.5%
goin'
30.5%
goin'
30.5%
goin'
30.5%
down!
29.9%
down
29.9%
D-O-W-N!
29.9%
down,
29.9%
down
29.9%
down
29.9%
down
29.9%
down
29.9%
down
29.9%
down
29.9%
down
29.9%
down!
29.9%
down!
29.9%
don't
29.3%
but
28.4%
But
28.4%
with
23.2%
from
22.6%
say
21.6%
G-O-I-N-G
21.3%
going
21.3%
think
21%
cause
19.8%
all
19.5%
all
19.5%
You'll
19.2%
charge...
18.6%
could
18.3%
wanna
18.3%
lyric
% Correct
ridiculous
18%
monstrosity!
18%
never
18%
bee
18%
both
17.7%
toast!
17.7%
condition
17.4%
won!
17.4%
up
16.8%
up
16.8%
used
16.5%
butter
16.5%
Conditionally!
16.5%
fun!
15.9%
crisis!
15.5%
end
15.2%
operation
14.9%
more
14.9%
avert
14.9%
certain
14.6%
away
14.3%
coast
14.3%
coast
14.3%
Spread
13.7%
news
13.7%
forgot
13.7%
again!
13.4%
exposed!
13.4%
arises
13.4%
doo
13.4%
boast
13.1%
(shoo
11%
finally
10.4%
large!
10.1%
done!
10.1%
livin'
9.5%
called
9.1%
dreams
6.7%
wop)
6.1%
listen
6.1%
guns!
6.1%
Gather
4.6%
rivet
4.6%
girders
4.3%
Quiz Playlist
Details
Report
Send in Message
Add To Playlist
Classic:
Type in answers that appear in a list
Last Updated: Feb 16, 2017
Quiz Scoreboard
CHALLENGE
Sign Up to Join the Scoreboard
Show All
Scores
Hide
Comments
May contain spoilers
Recently Published
An Introduction to Baseball
by treessimontrees
Sports
5m
Movies - When Are They Set?
by FPL_Elf
Movies
5m
Popular People in 1961
by mucciniale
History
6m
More to Explore
Quiz From the Vault
Featured Blog Post
Where Did the Easter Bunny Come From?
hide this ad
You Might Also Like...
Tags
Song Quiz
Ferb
phineas
Today's Top Quizzes in Television
Browse Television
hide this ad
Today's Top Quizzes in Song
Browse Song
Top Contributed Quizzes in Television
1
One Piece Logic Puzzle
2
Survivor Logic Puzzle: Heroes vs. Villains
3
Survivor Seasons
4
Survivor Season by Logo
5
5-to-1: The Simpsons Families
6
Survivor Trivia
7
One Thing in Common: Television
8
Who Wants to Be a Millionaire?
9
Survivor Logic Puzzle: Winners at War
10
Ultimate Survivor Logic Puzzle
Explore More
Trending Topics
Anime
NBA
Kpop
Crossword
Marvel
Disney
Harry Potter
Song
Country
WWE
The Office
NFL
Puzzle
Soccer
Pokémon
hide this ad
More By:
fuzzykinz
Quiz
Plays
Rating
Category
Featured
Created
Taylor Swift Song (no hints)
2,434
4.75
Music
Aug 14, 2012
Heroes of Olympus
1,633
5.00
Just For Fun
Apr 14, 2012
Phineas and Ferb Song (no hints) 3
583
2.60
Television
Jul 17, 2012
Phineas and Ferb Song (no hints) 7
493
5.00
Television
Jul 20, 2012
Phineas and Ferb song (no hints) 2
492
4.00
Television
Jul 17, 2012
Go to Creator's Profile
Score Distribution
Quiz Creator Spotlight
fuzzykinz
Follow
Send a Message
Quizzes Created
-
Created Quiz Play Count
-
More By This Creator
Popular Quizzes Today
1
Find the Countries of Europe - No Outlines Minefield
2
Find the US States - No Outlines Minefield
3
The Countries of the World
4
Popular People in 1961
5
US States
6
1-10 Letter E Words III
7
Find the US States
8
One Thing in Common: World Cities II
More Television Quizzes
Missing Word: 1980s TV Shows
Quiz Lab
Trending Quizzes
Risky Map Clicking: Least Populous States A-Z
1-10 Letter F Words
1-10 Letter G Words
One Thing in Common: United Kingdom
Risky Map Clicking: Next State Alphabetically
Recently Updated
Leaping Animals
pecheneg
Reality TV Shows (A-Z)
bhenderson79
Rickey Henderson's Hall of Fame Teammates
pecheneg
Champions League XIs: Arsenal
pecheneg
Quick Pick: Celebrities in WWE's Hall of Fame
aduchscher
A-Z Keypad Blitz II
pecheneg
Multiple Oscar Actors
pecheneg
Mystery Phrase Blitz: Oscar 'Best Actors'
pecheneg
F. Scott Fitzgerald Novels
LTH
Pick 3 Villains
ddd62291
Trending Topics
Disney
NBA
Crossword
Harry Potter
Anime
Kpop
Marvel
Song
Soccer
Country
The Office
NFL
Pokémon
Puzzle
WWE
Your Account Isn't Verified!
In order to create a playlist on Sporcle, you need to verify the email address you used during registration. Go to your
Sporcle Settings
to finish the process.
Report this User
Report this user for behavior that violates our
Community Guidelines
.
Details:
Send Report
Go to the Sporcle.com Mobile Site →
Comments